New compass of the world : a symposium on political geography /

Bibliographic Details
Main Author: Weigert, Hans Werner, 1902-
Other Authors: Stefansson, Vilhjalmur, 1879-1962, Harrison, Richard Edes
Format: Book
Language:English
Published: New York : Macmillan Co., 1949.
Subjects:

MARC

Tag First Indicator Second Indicator Subfields
LEADER 00000cam a2200000 4500
001 in00000053583
005 20151008050317.0
008 721114s1949 nyu 00000 eng u
010 |a  49007943  
035 |a (OCoLC)00494075 
035 |9 AAG0384AM 
040 |c WSU  |d TXA  |d UtOrBLW 
049 |a TXAM  |c [164790] 
050 0 |a JC319  |b .W38 
092 |a 320.124  |b W419n 
100 1 |a Weigert, Hans Werner,  |d 1902- 
245 1 0 |a New compass of the world :  |b a symposium on political geography /  |c Editors: Hans W. Wiegert, Vilhjalmur Stefansson [and] RIchard Edes Harrison. 
264 1 |a New York :  |b Macmillan Co.,  |c 1949. 
300 |a 375 pages 
336 |a text  |b txt  |2 rdacontent 
337 |a unmediated  |b n  |2 rdamedia 
338 |a volume  |b nc  |2 rdacarrier 
650 0 |a Geopolitics. 
650 0 |a Aeronautics. 
650 0 |a Population. 
700 1 |a Stefansson, Vilhjalmur,  |d 1879-1962. 
700 1 |a Harrison, Richard Edes. 
999 |a MARS 
999 f f |s 36a1c47d-c5c6-3b30-baa6-b7d0a0ef6138  |i 85188365-3aae-37cc-b06f-2dbfd9cbddfd  |t 0 
952 f f |p ric  |a Texas A&M University  |b Rellis Campus  |c Joint Library Facility  |d Remote Storage  |t 0  |e JC319 .W38  |h Library of Congress classification  |i unmediated -- volume  |m A14800658070 
998 f f |a JC319 .W38  |t 0  |l Remote Storage